US states that also have a river named in them - Statistics

General Stats
  • This quiz has been taken 26 times
  • The average score is 12 of 15
Answer Stats
Answer % Correct
Mississippi
100%
Missouri
96%
Colorado
92%
Alabama
88%
Arkansas
88%
Kansas
88%
Ohio
88%
Tennessee
83%
Iowa
79%
Delaware
75%
Kentucky
75%
Wisconsin
75%
Connecticut
71%
Illinois
71%
Minnesota
63%
No matching quizzes found
Score Distribution
Percent of People with Each Score
Percentile by Number Answered
Your Score History
You have not taken this quiz